000 01050nam a2200253Ia 4500
003 OSt
005 20221005111640.0
006 a|||||r|||| 00| 0
007 ta
008 221004b |||||||| |||| 00| 0 hin d
024 _a32150
037 _cTextual
040 _aCRL
_cCRL
_bhin
041 _2hin
_ahin
082 _aO152,1J32:g(P), L7
100 _aतोमर, अजित नारायण सिंह
_9160705
245 0 _aतुलसी की रचनाओं का भाषावैज्ञानिक तथा शास्त्रीय विवेचन
246 _aTulasī kī rachanāoan kā bhāṣhāvaijnyānik tathā shāstrīya vivechana
260 _aपटना
_bबिहारी हिंदी ग्रंथ अकादमी भारत
_c1977
300 _a447पृ.
_ccm.
650 _aहिन्दी साहित्य
942 _hO152,1J32:g(P), L7
_cTEXL
_2cc
999 _c1022452
_d1022452